| 000 | 00528nam a22002057a 4500 | ||
|---|---|---|---|
| 003 | OSt | ||
| 005 | 20160831183942.0 | ||
| 008 | 160831b xxu||||| |||| 00| 0 eng d | ||
| 020 | _a9780321643377 | ||
| 020 | _a0321643372 | ||
| 040 | _cDDC. | ||
| 082 | _a794.8ADA 2010. | ||
| 100 |
_aAdams, Ernest. _910971 |
||
| 245 | _aFundermentals of Game Design. | ||
| 250 | _a2nd ed. | ||
| 260 |
_aBerkery, _bNew Rider, _c2010. |
||
| 504 | _areferences and index are included. | ||
| 650 |
_aGame design. _910972 |
||
| 942 |
_2ddc _cO_SHELF |
||
| 999 |
_c5128 _d5128 |
||